Pokémon - Les attaques de Viridium - Statistiques

Statistiques générales
  • Ce quiz a été pris 9 fois
  • Le résultat moyen est 9 sur 14
Statistiques - réponses
Niveaux Types Noms des attaques % Correct
Niveau 70 Combat Close Combat
100%
Niveau 63 Plante Lame Feuille
100%
Niveau 49 Combat Lame Sainte
100%
Niveau 56 Normal Danse Lames
83%
Départ Normal Vive-Attaque
83%
Départ Normal Groz'Yeux
67%
Départ Normal Rengorgement
67%
Niveau 42 Normal Bélier
50%
Départ Normal Coup d'Main
50%
Niveau 21 Combat Double Pied
50%
Niveau 14 Combat Prévention
50%
Niveau 7 Plante Feuille Magik
33%
Niveau 35 Plante Giga-Sangsue
33%
Niveau 28 Normal Vengeance
33%
Aucun quiz correspondant
Distribution des résultats
% des personnes avec chaque résultat
Percentile par nombre de réponses
Votre historique - résultats
Vous n’avez pas pris ce quiz